01459nam a2200373Ia 4500001001200000003000800012006001900020007001500039008004100054010001700095020004000112020003500152020004300187020003800230020001800268040002100286035002100307050002900328082001700357100002000374245014500394260005800539300002300597504004100620533015200661600002000813650002300833650002500856650001500881655002900896710001700925856012600942999001701068ebr10574151CaPaEBRm u cr cn|||||||||100205s2011 nyua sb s000 0aeng d z 2010004839 z143843247X (hardcover : alk. paper) z1438432488 (pbk. : alk. paper) z9781438432472 (hardcover : alk. paper) z9781438432489 (pbk. : alk. paper) z9781438432496 aCaPaEBRcCaPaEBR a(OCoLC)80204924614aBL1175.S4235bA35 2011eb04a294.50922221 aSharma, Arvind.10aOne religion too manyh[electronic resource] :bthe religiously comparative reflections of a comparatively religious Hindu /cArvind Sharma. aAlbany :bState University of New York Press,cc2011. aix, 164 p. :bill. aIncludes bibliographical references. aElectronic reproduction.bPalo Alto, Calif. :cebrary,d2011.nAvailable via World Wide Web.nAccess may be limited to ebrary affiliated libraries.10aSharma, Arvind. 0aHindusvBiography. 0aHinduismxRelations. 0aReligions. 7aElectronic books.2local2 aebrary, Inc.40uhttp://site.ebrary.com/lib/rucke/Doc?id=10574151zAn electronic book accessible through the World Wide Web; click to view c78831d78831